000 01430 a2200241 4500
001 10426
005 20260407155437.0
008 260407a2010 arg spa d
003 AR-UNSa-BCEJYS
040 _aAR-UNSa-BCEJYS
_bspa
_cAR-UNSa-BCEJYS
080 _a343.359
_xDelitos contra el fisco y otras autoridades administrativas (Derecho Penal Tributario, Delitos fiscales)
245 1 0 _aResponsabilidad tributaria, previsional y penal tributaria de los administradores de empresas
_pUn enfoque desde el derecho positivo, la doctrina y la jurisprudencia nacional
020 _a978-987-01-1032-3
264 1 _aBuenos Aires :
_bErrepar
_c2010
300 _axxiii, 360 p.
_c21 cm.
505 _a1. El marco jurídico general de la responsabilidad - 2. Responsabilidad en la ley nacional de procedimientos tributarios - 3.Responsabilidad penal tributaria - 4. Responsabilidad y responsabilida solidaria de administradores en recursos de la seguridad social - 5. Responsabilidad penal de administradores en recursos de la seguridad social - Apéndice: Fallos completos
041 _aspa
942 _cBK
590 _aniveau_biblio:m niveau_hierar:0
100 1 _aSimesen de Bielke, Sergio Armando
700 1 _aEgüez, Hermosinda
856 4 1 _uhttps://biblioeco.unsa.edu.ar/pmb/images/libros/Responsabilidad tributaria, previsional y penal tributaria de los administradores de empresas2-l118705.jpg
_yImagen de portada
_qimage/jpeg
999 _c453
_d453